| 000 | 00816nam a2200145Ia 4500 | ||
|---|---|---|---|
| 008 | 171212s9999 xx 000 0 und d | ||
| 020 | _a9781921666681 | ||
| 100 | _aBraithwaite, John;Charlesworth, Hilary;Reddy, Peter;Dunn, Leah | ||
| 245 |
_cBraithwaite, John;Charlesworth, Hilary;Reddy, Peter;Dunn, Leah _aReconciliation and Architectures of Commitment _bSequencing peace in Bougainville |
||
| 260 |
_bANU E Press _c2010 |
||
| 440 | _aPeacebuilding Compared | ||
| 650 | _aBougainville Crisis, Papua New Guinea, 1988-; Women and peace -- Papua New Guinea -- Bougainville Island; Bougainville Island (Papua New Guinea) -- History; Bougainville Island (Papua New Guinea) -- Autonomy and independence movements; Bougainville Island | ||
| 650 | _aPolitical Science | ||
| 856 | _uwww.jstor.org/stable/10.2307/j.ctt24h90c | ||
| 999 |
_c351288 _d351288 |
||